Estimating stiffness of subgrade and unbound materials for pavement design / (Record no. 529995)

000 -LEADER
fixed length control field 02580cam a22005417a 4500
001 - CONTROL NUMBER
control field 15828909
003 - CONTROL NUMBER IDENTIFIER
control field NUST
005 - DATE AND TIME OF LATEST TRANSACTION
control field 20191008132624.0
008 - FIXED-LENGTH DATA ELEMENTS--GENERAL INFORMATION
fixed length control field 090722s2008 dcuak bt f000 0 eng c
010 ## - LIBRARY OF CONGRESS CONTROL NUMBER
LC control number 2008906008
020 ## - INTERNATIONAL STANDARD BOOK NUMBER
International Standard Book Number 9780309098113 (softcover)
020 ## - INTERNATIONAL STANDARD BOOK NUMBER
International Standard Book Number 0309098114 (softcover)
035 ## - SYSTEM CONTROL NUMBER
System control number (OCoLC)ocn298560619
038 ## - RECORD CONTENT LICENSOR
Staff Name MSOHAIL
040 ## - CATALOGING SOURCE
Original cataloging agency JCR
Transcribing agency JCR
Modifying agency PAU
-- OHDOT
-- CUT
-- IQU
-- TRL
-- DLC
042 ## - AUTHENTICATION CODE
Authentication code pcc
050 00 - LIBRARY OF CONGRESS CALL NUMBER
Classification number TE211
Item number .P87 2008
082 00 - DEWEY DECIMAL CLASSIFICATION NUMBER
Classification number 625.732
Edition number 22
100 1# - MAIN ENTRY--PERSONAL NAME
Personal name Puppala, Anand J.
9 (RLIN) 23192
245 10 - TITLE STATEMENT
Title Estimating stiffness of subgrade and unbound materials for pavement design /
Statement of responsibility, etc. consultant, Anand J. Puppala.
260 ## - PUBLICATION, DISTRIBUTION, ETC.
Place of publication, distribution, etc. Washington, D.C. :
Name of publisher, distributor, etc. Transportation Research Board,
Date of publication, distribution, etc. 2008.
300 ## - PHYSICAL DESCRIPTION
Extent 132 p. :
Other physical details ill., form ;
Dimensions 28 cm.
490 1# - SERIES STATEMENT
Series statement NCHRP synthesis,
International Standard Serial Number 0547-5570 ;
Volume/sequential designation 382
500 ## - GENERAL NOTE
General note At head of title: National Cooperative Highway Research Program.
500 ## - GENERAL NOTE
General note "Research sponsored by the American Association of State Highway and Transportation Officials in cooperation with the Federal Highway Administration."
500 ## - GENERAL NOTE
General note "A synthesis of highway practice."
504 ## - BIBLIOGRAPHY, ETC. NOTE
Bibliography, etc. note Includes bibliographical references (p. 87-94).
530 ## - ADDITIONAL PHYSICAL FORM AVAILABLE NOTE
Additional physical form available note Also available online.
536 ## - FUNDING INFORMATION NOTE
Project number NCHRP project 20-5, topic 38-09
650 #0 - SUBJECT ADDED ENTRY--TOPICAL TERM
Topical term or geographic name entry element Pavements
General subdivision Subgrades
-- Testing.
9 (RLIN) 23193
650 #0 - SUBJECT ADDED ENTRY--TOPICAL TERM
Topical term or geographic name entry element Roads
General subdivision Subgrades
-- Testing.
9 (RLIN) 22991
650 #0 - SUBJECT ADDED ENTRY--TOPICAL TERM
Topical term or geographic name entry element Roads
General subdivision Base courses
-- Testing.
9 (RLIN) 23194
650 #0 - SUBJECT ADDED ENTRY--TOPICAL TERM
Topical term or geographic name entry element Pavements
General subdivision Subgrades
-- Materials
-- Testing.
9 (RLIN) 23195
650 #0 - SUBJECT ADDED ENTRY--TOPICAL TERM
Topical term or geographic name entry element Soils
General subdivision Testing.
9 (RLIN) 21515
650 #0 - SUBJECT ADDED ENTRY--TOPICAL TERM
Topical term or geographic name entry element Soil mechanics.
9 (RLIN) 558
650 #0 - SUBJECT ADDED ENTRY--TOPICAL TERM
Topical term or geographic name entry element Pavements
General subdivision Design and construction.
9 (RLIN) 916
650 #7 - SUBJECT ADDED ENTRY--TOPICAL TERM
Topical term or geographic name entry element Modulus of resilience.
Source of heading or term trt
9 (RLIN) 23196
710 2# - ADDED ENTRY--CORPORATE NAME
Corporate name or jurisdiction name as entry element National Research Council (U.S.).
Subordinate unit Transportation Research Board.
9 (RLIN) 23197
710 2# - ADDED ENTRY--CORPORATE NAME
Corporate name or jurisdiction name as entry element National Cooperative Highway Research Program.
9 (RLIN) 20864
710 2# - ADDED ENTRY--CORPORATE NAME
Corporate name or jurisdiction name as entry element American Association of State Highway and Transportation Officials.
9 (RLIN) 19553
710 1# - ADDED ENTRY--CORPORATE NAME
Corporate name or jurisdiction name as entry element United States.
Subordinate unit Federal Highway Administration.
9 (RLIN) 20149
830 #0 - SERIES ADDED ENTRY--UNIFORM TITLE
Uniform title Synthesis of highway practice ;
Volume/sequential designation 382.
9 (RLIN) 23198
856 41 - ELECTRONIC LOCATION AND ACCESS
Materials specified TRB access
Uniform Resource Identifier <a href="http://onlinepubs.trb.org/onlinepubs/nchrp/nchrp_syn_382.pdf">http://onlinepubs.trb.org/onlinepubs/nchrp/nchrp_syn_382.pdf</a>
856 41 - ELECTRONIC LOCATION AND ACCESS
Uniform Resource Identifier <a href="http://onlinepubs.trb.org/onlinepubs/nchrp/nchrp%5Fsyn%5F382.pdf">http://onlinepubs.trb.org/onlinepubs/nchrp/nchrp%5Fsyn%5F382.pdf</a>
Public note Click to connect to this title online
906 ## - LOCAL DATA ELEMENT F, LDF (RLIN)
a 7
b cbc
c pccadap
d 2
e epcn
f 20
g y-gencatlg
942 ## - ADDED ENTRY ELEMENTS (KOHA)
Source of classification or shelving scheme
Koha item type Book
Holdings
Withdrawn status Lost status Source of classification or shelving scheme Damaged status Not for loan Permanent Location Current Location Date acquired Total Checkouts Full call number Barcode Date last seen Price effective from Koha item type
          School of Civil and Environmental Engineering (SCEE) School of Civil and Environmental Engineering (SCEE) 10/08/2019   625.732 NIT-11191 10/08/2019 10/08/2019 Book
© 2023 Central Library, National University of Sciences and Technology. All Rights Reserved.